| 000 | 00611nam a2200205Ia 4500 | ||
|---|---|---|---|
| 003 | OSt | ||
| 005 | 20230612100207.0 | ||
| 008 | 210423s2006 xx 000 0 und d | ||
| 020 | _a8466412388 | ||
| 040 | _cAL | ||
| 041 | _aeng | ||
| 082 |
_a575.10724 _223 _b SAMJ |
||
| 100 |
_aSAMBROOK (Joseph);RUSSELL (David W). _998950 |
||
| 245 | _aCondensed protocols: from molecular cloning a laboratory manual. | ||
| 260 |
_aCambridge _bCambridge University Press _c2006 |
||
| 300 |
_av,800 _bPB |
||
| 365 | _cINR | ||
| 906 | _acloning ; Condensed ; laboratory ; manual ; molecular ; protocols | ||
| 942 |
_2ddc _cBK |
||
| 999 |
_c163684 _d163684 |
||